|
|
|
|
| LEADER |
01595cas a2200241 a 4500 |
| 001 |
AALejournalIMF013444 |
| 008 |
230101c9999 xx r poo 0 0eng d |
| 020 |
|
|
|c 5.00 USD
|
| 020 |
|
|
|z 9781475585971
|
| 022 |
|
|
|a 1934-7685
|
| 040 |
|
|
|a BD-DhAAL
|c BD-DhAAL
|
| 110 |
2 |
|
|a International Monetary Fund.
|b Monetary and Capital Markets Department.
|
| 245 |
1 |
0 |
|a European Union :
|b Financial Sector Stability Assessment.
|
| 264 |
|
1 |
|a Washington, D.C. :
|b International Monetary Fund,
|c 2013.
|
| 300 |
|
|
|a 1 online resource (67 pages)
|
| 490 |
1 |
|
|a IMF Staff Country Reports
|
| 500 |
|
|
|a <strong>Off-Campus Access:</strong> No User ID or Password Required
|
| 500 |
|
|
|a <strong>On-Campus Access:</strong> No User ID or Password Required
|
| 506 |
|
|
|a Electronic access restricted to authorized BRAC University faculty, staff and students
|
| 520 |
3 |
|
|a The recent financial crises have underscored the need for the European Union (EU) to take a regional approach to financial stability. Preserving financial stability in such an environment requires a supranational oversight framework. Progress has been made toward stronger pan-European approaches. Moving banks and sovereigns jointly to safety is essential. Bank recovery and resolution and harmonization are essential. The focus of this Financial Sector Stability assessment is on supranational institutions.
|
| 538 |
|
|
|a Mode of access: Internet
|
| 830 |
|
0 |
|a IMF Staff Country Reports; Country Report ;
|v No. 2013/075
|
| 856 |
4 |
0 |
|z Full text available on IMF
|u http://elibrary.imf.org/view/journals/002/2013/075/002.2013.issue-075-en.xml
|z IMF e-Library
|